000 00885cab a2200229 4500
001 WB2643-38
008 090401t1990 xxu||||| |||| 00| 0 eng d
035 _a(Sirsi) u9376
041 _aeng
245 _aListed buildings
260 _c1990
350 _a0
490 _aEGCS
_v1990 124
520 _aWatts v SOS for Environment and another QBD 16 October 1990 raised the question of whether a partly-demolished wall was part of a listed building and can be regarded as being `fixed` to the building. It was held that the wall was part of the building and therefore subject to listed building control.
650 _aENFORCEMENT NOTICE
650 _aFIXTURE
650 _aPLANNING LISTED BUILDINGS AND CONSERVATION AREAS ACT 1990 S1
650 _aTOWN AND COUNTRY PLANNING ACT 1971 S54
690 _aPLANNING LAW AND PRACTICE-CASE LAW
942 _n0
948 _c04/03/1997
999 _c5848
_d5848